| 000 | 00631nam a2200181 i 4500 | ||
|---|---|---|---|
| 001 | 46555 | ||
| 003 | ES-MaACL | ||
| 005 | 20250921063024.0 | ||
| 007 | t| | ||
| 008 | 030409s1832 sp ||||1| spa d | ||
| 100 | 1 |
_aBances Candamo, Francisco Antonio de, _d1662-1704 _925159 |
|
| 245 | 1 | 3 |
_aEl sastre del Campillo / _c[Francisco Antonio de Bances Candamo]. |
| 260 |
_a[Madrid : _bs.n., _c1832 ( _fImp. de Ortega]) |
||
| 300 |
_a132 p. ; _c16 cm. |
||
| 500 | _aEs una parte de la obra: Comedias escojidas [sic] de Don Francisco Bances Candamo : tomo primero. | ||
| 852 |
_aES-MaACL _jT-1420-F-3 |
||
| 999 |
_c46555 _d46555 |
||